The best beatles collection
Nội dung CD bao gồm 25 ca khúc nổi tiếng của The Beatles.
সংরক্ষণ করুন:
| বিন্যাস: | গ্রন্থ |
|---|---|
| ভাষা: | Undetermined |
| প্রকাশিত: |
Tp.Hồ Chí Minh
Trẻ
2003
|
| বিষয়গুলি: | |
| ট্যাগগুলো: |
ট্যাগ যুক্ত করুন
কোনো ট্যাগ নেই, প্রথমজন হিসাবে ট্যাগ করুন!
|
| Thư viện lưu trữ: | Trung tâm Học liệu Trường Đại học Cần Thơ |
|---|
| LEADER | 00569nam a2200169Ia 4500 | ||
|---|---|---|---|
| 001 | CTU_141825 | ||
| 008 | 210402s9999 xx 000 0 und d | ||
| 082 | |a 781.63 | ||
| 082 | |b B561Vol.2 | ||
| 245 | 4 | |a The best beatles collection | |
| 260 | |a Tp.Hồ Chí Minh | ||
| 260 | |b Trẻ | ||
| 260 | |c 2003 | ||
| 520 | |a Nội dung CD bao gồm 25 ca khúc nổi tiếng của The Beatles. | ||
| 650 | |a Popular music,Songs, english,Nhạc nổi tiếng,Nhạc tiếng Anh | ||
| 904 | |i Tuyến | ||
| 980 | |a Trung tâm Học liệu Trường Đại học Cần Thơ | ||